000 00367nam a22001457a 4500
020 _a7129 0293 7
082 _a326.967COL
100 _aCOLOMB, CAPTAIN
245 _aSLAVE- CATCHING IN THE INDIAN OCEAN
260 _aLONDON
_bDAWSONS
_c1968
300 _aVIII,503P
_b25CM
650 _aSLAVE- CATCHING IN THE INDIAN OCEAN
700 _aCOLOMB, CAPTAIN
942 _cBK
999 _c14439
_d14439